000 00461nam a2200193Ia 4500
003 OSt
005 20250818104503.0
008 250729s2005 xx 000 0 und d
020 _a978-8176488297
040 _cAL
041 _aeng
082 _a370.15 BHAT
100 _aRao V K
_9221386
245 _aPrinciples of curriculum
260 _aNew Delhi
_bMac Millan India Ltd
_c2005
300 _a268p
650 _aPsychology
_9221387
942 _2ddc
_cBED
999 _c234985
_d234985